[Event "AUT-chT (Women) 2324"]
[Site "Austria"]
[Date "2023.11.26"]
[Round "3.3"]
[White "Konecny, Sophie"]
[Black "Khrapko, Marharyta"]
[Result "0-1"]
[WhiteElo "1839"]
[BlackElo "2172"]
[PlyCount "54"]
[EventDate "2023.11.24"]
[EventType "team-tourn"]
[EventRounds "9"]
[EventCountry "AUT"]
[SourceTitle "CB48_2023"]
[SourceDate "2023.11.29"]
[SourceVersion "1"]
[SourceVersionDate "2023.11.29"]
[SourceQuality "1"]
[WhiteTeam "Mayrhofen/Zillertal (W)"]
[BlackTeam "Schach ohne Grenzen (W)"]
[WhiteTeamCountry "AUT"]
[BlackTeamCountry "AUT"]

1. d4 Nf6 2. Nf3 c5 3. d5 b5 4. c4 a6 5. Qc2 g6 6. e4 Bg7 7. h3 bxc4 8. Bxc4 d6 9. 0-0 0-0 10. Bf4 Nbd7 11. Nbd2 Rb8 12. Rab1 Nb6 13. Rfe1 a5 14. Rbd1 Nxc4 15. Nxc4 Ba6 16. Nfd2 Rb4 17. a3 Rb7 18. Qa4 Nh5 19. Bh2 Bxb2 20. Nxa5 Qd7 21. Qxd7 Rxd7 22. Ndc4 Bc3 23. Re3 Bd4 24. Rb3 f5 25. Nb6 Rc7 26. Nc6 fxe4 27. Rd2 e3 0-1

[Event "AUT-chT (Women) 2324"]
[Site "Austria"]
[Date "2023.11.25"]
[Round "2.3"]
[White "Bashylina, Luisa"]
[Black "Konecny, Sophie"]
[Result "1-0"]
[WhiteElo "2179"]
[BlackElo "1839"]
[PlyCount "93"]
[EventDate "2023.11.24"]
[EventType "team-tourn"]
[EventRounds "9"]
[EventCountry "AUT"]
[SourceTitle "CB48_2023"]
[SourceDate "2023.11.29"]
[SourceVersion "1"]
[SourceVersionDate "2023.11.29"]
[SourceQuality "1"]
[WhiteTeam "Wulkaprodersdorf (W)"]
[BlackTeam "Mayrhofen/Zillertal (W)"]
[WhiteTeamCountry "AUT"]
[BlackTeamCountry "AUT"]

1. d4 f5 2. c4 Nf6 3. g3 g6 4. Bg2 Bg7 5. Nf3 0-0 6. 0-0 d6 7. Nc3 c6 8. Qb3 Na6 9. Rd1 h6 10. d5 Nc5 11. Qc2 Qc7 12. Be3 Kh7 13. Rac1 Nce4 14. Nd4 Nxc3 15. Qxc3 e5 16. dxe6 Re8 17. Qd3 Bxe6 18. Nxe6 Rxe6 19. Bf4 Rd8 20. c5 Ne8 21. b4 Qe7 22. Bf3 Bf6 23. Rb1 Be5 24. Be3 Nc7 25. a4 a6 26. Qb3 Rf6 27. cxd6 Bxd6 28. Bb6 Rd7 29. Bd4 Rf7 30. e3 Rf8 31. Bb6 Na8 32. Bc5 Nc7 33. Qc3 Rfd8 34. Bd4 Rf8 35. h4 Nd5 36. Bxd5 cxd5 37. Bb6 Qe4 38. Qd3 Rff7 39. Qxd5 Qg4 40. Qd4 Qf3 41. Qd5 Qg4 42. Qg2 Bxb4 43. Rd4 Rxd4 44. Bxd4 a5 45. Qd5 Re7 46. Qd8 g5 47. Rxb4 1-0

[Event "EU-Cup (Women) 26th"]
[Site "Mayrhofen"]
[Date "2022.10.07"]
[Round "5.3"]
[White "Peglau, Mirjam"]
[Black "Konecny, Sophie"]
[Result "1-0"]
[WhiteElo "1886"]
[BlackElo "1848"]
[PlyCount "119"]
[EventDate "2022.10.03"]
[EventType "team-swiss"]
[EventRounds "7"]
[EventCountry "AUT"]
[SourceTitle "CBM 210 Extra"]
[Source "ChessBase"]
[SourceDate "2022.11.30"]
[SourceVersion "1"]
[SourceVersionDate "2022.11.30"]
[SourceQuality "1"]
[WhiteTeam "Seeblick (W)"]
[BlackTeam "Zell/Zillertal (W)"]
[WhiteTeamCountry "AUT"]
[BlackTeamCountry "AUT"]

1. d4 Nf6 2. c4 e6 3. Nc3 Bb4 4. e3 c5 5. Nf3 d5 6. Bd2 0-0 7. Rc1 b6 8. a3 Bxc3 9. Bxc3 Ba6 10. Qb3 Nbd7 11. cxd5 Bxf1 12. Kxf1 Nxd5 13. Ke2 Rc8 14. Rhd1 Qe7 15. Kf1 N7f6 16. Qa4 Ne4 17. dxc5 Ndxc3 18. bxc3 Nxc5 19. Qb4 e5 20. e4 Qe6 21. Rd5 f6 22. h3 Qc6 23. Kg1 Kh8 24. Kf1 a5 25. Qc4 b5 26. Qe2 Nb3 27. Rb1 Qxc3 28. Rxb5 Nd4 29. Nxd4 exd4 30. R5b3 Qc5 31. Qb5 Qc2 32. Qd3 a4 33. Qxc2 Rxc2 34. Rd3 Rc4 35. Rbd1 Rd8 36. f4 Kg8 37. Ke2 Kf7 38. Kd2 Rdc8 39. Ke2 Rd8 40. Rb1 Re8 41. Kf3 Rec8 42. Rb7+ Kg6 43. Rd7 Rb8 44. f5+ Kh6 45. R7xd4 Rxd4 46. Rxd4 Rb3+ 47. Kg4 Rxa3 48. Rd6 Ra1 49. e5 a3 50. exf6 gxf6 51. Rxf6+ Kg7 52. Ra6 a2 53. Kg5 h6+ 54. Kg4 Kf7 55. Kh5 Kg7 56. f6+ Kf7 57. Kxh6 Re1 58. Rxa2 Kxf6 59. Rf2+ Ke7 60. h4 1-0

[Event "EU-Cup (Women) 26th"]
[Site "Mayrhofen"]
[Date "2022.10.05"]
[Round "3.3"]
[White "Konecny, Sophie"]
[Black "Gajcin, Marina"]
[Result "0-1"]
[WhiteElo "1848"]
[BlackElo "2228"]
[PlyCount "34"]
[EventDate "2022.10.03"]
[EventType "team-swiss"]
[EventRounds "7"]
[EventCountry "AUT"]
[SourceTitle "CBM 210 Extra"]
[Source "ChessBase"]
[SourceDate "2022.11.30"]
[SourceVersion "1"]
[SourceVersionDate "2022.11.30"]
[SourceQuality "1"]
[WhiteTeam "Zell/Zillertal (W)"]
[BlackTeam "Sirmium (W)"]
[WhiteTeamCountry "AUT"]
[BlackTeamCountry "SRB"]

1. d4 Nf6 2. c4 g6 3. Nc3 d5 4. Nf3 Bg7 5. Qb3 dxc4 6. Qxc4 0-0 7. e4 Nc6 8. Be2 Bg4 9. Be3 Bxf3 10. gxf3 e5 11. d5 Nd4 12. Bxd4 exd4 13. Nb5 c6 14. dxc6 bxc6 15. Qxc6 d3 16. Bd1 Rc8 17. Qd6 Qa5+ 0-1

[Event "EU-Cup (Women) 26th"]
[Site "Mayrhofen"]
[Date "2022.10.03"]
[Round "1.5"]
[White "Konecny, Sophie"]
[Black "Trippold, Denise"]
[Result "0-1"]
[WhiteElo "1848"]
[BlackElo "2146"]
[PlyCount "64"]
[EventDate "2022.10.03"]
[EventType "team-swiss"]
[EventRounds "7"]
[EventCountry "AUT"]
[SourceTitle "CBM 210 Extra"]
[Source "ChessBase"]
[SourceDate "2022.11.30"]
[SourceVersion "1"]
[SourceVersionDate "2022.11.30"]
[SourceQuality "1"]
[WhiteTeam "Zell/Zillertal (W)"]
[BlackTeam "Baden Erste Bank (W)"]
[WhiteTeamCountry "AUT"]
[BlackTeamCountry "AUT"]

1. d4 Nf6 2. Nc3 d5 3. Bf4 a6 4. e3 e6 5. Nf3 c5 6. Ne5 Nc6 7. g4 cxd4 8. exd4 Qb6 9. Na4 Qa5+ 10. c3 Nxe5 11. dxe5 Nd7 12. Be3 b5 13. Nc5 Bxc5 14. Bxc5 Nxc5 15. b4 Qa3 16. Rc1 Nd7 17. f4 Bb7 18. Qd2 Rc8 19. Bg2 a5 20. 0-0 axb4 21. cxb4 0-0 22. f5 Rxc1 23. Rxc1 Qa7+ 24. Kh1 d4 25. f6 Bxg2+ 26. Kxg2 Qb7+ 27. Kg3 Qd5 28. Re1 Nxe5 29. Qg5 Qf3+ 30. Kh4 Ng6+ 31. Kh5 Qh3+ 32. Qh4 Qxh4# 0-1

[Event "AUT-chT (Women) 2122"]
[Site "Austria"]
[Date "2022.04.22"]
[Round "8.2"]
[White "Konecny, Sophie"]
[Black "Frey, Alisa"]
[Result "1-0"]
[WhiteElo "1835"]
[BlackElo "2018"]
[PlyCount "113"]
[EventDate "2021.11.06"]
[EventType "team-tourn"]
[EventRounds "9"]
[EventCountry "AUT"]
[SourceTitle "EXT 2024"]
[Source "ChessBase"]
[SourceDate "2023.10.10"]
[SourceVersion "1"]
[SourceVersionDate "2023.10.10"]
[SourceQuality "1"]
[WhiteTeam "Mayrhofen/Zillertal (W)"]
[BlackTeam "Lienz (W)"]
[WhiteTeamCountry "AUT"]
[BlackTeamCountry "AUT"]

1. e4 e5 2. Nf3 Nc6 3. Bc4 Nf6 4. d3 Be7 5. c3 d6 6. Bb3 0-0 7. 0-0 Na5 8. Bc2 c5 9. Re1 Nc6 10. Nbd2 Re8 11. Nf1 h6 12. h3 Bf8 13. Ng3 Qc7 14. Nh4 d5 15. Qf3 dxe4 16. dxe4 Nh7 17. Nhf5 Ng5 18. Qh5 Qd8 19. h4 Nh7 20. Qf3 Be6 21. Rd1 Qf6 22. Nh5 Qg6 23. Kh1 Nf6 24. Nxh6+ Kh8 25. Nxf6 gxf6 26. h5 Qh7 27. Qxf6+ Bg7 28. Qg5 Ne7 29. Nf5 Ng8 30. Nxg7 Qxg7 31. Rd3 f6 32. Qxg7+ Kxg7 33. Rg3+ Kh7 34. Be3 b6 35. b3 Rad8 36. f4 Rf8 37. f5 Bc8 38. Rf1 Ne7 39. Kh2 Bb7 40. Rff3 Rg8 41. Rxg8 Nxg8 42. g4 Nh6 43. Kh3 Nf7 44. Kh4 Rg8 45. Bc1 Ng5 46. Bxg5 Rxg5 47. Rd3 Rg7 48. Rd6 Rf7 49. g5 fxg5+ 50. Kxg5 Bc8 51. Bd3 Kg7 52. f6+ Kh7 53. Bc4 Rf8 54. f7 Bb7 55. Rh6+ Kg7 56. Rg6+ Kh7 57. Rg8 1-0

[Event "AUT-chT (Women) 2122"]
[Site "Austria"]
[Date "2022.03.26"]
[Round "6.3"]
[White "Wielander, Magdalena"]
[Black "Konecny, Sophie"]
[Result "0-1"]
[WhiteElo "1178"]
[BlackElo "1835"]
[PlyCount "50"]
[EventDate "2021.11.06"]
[EventType "team-tourn"]
[EventRounds "9"]
[EventCountry "AUT"]
[SourceTitle "EXT 2023"]
[Source "ChessBase"]
[SourceDate "2022.10.05"]
[SourceVersion "1"]
[SourceVersionDate "2022.10.05"]
[SourceQuality "1"]
[WhiteTeam "Dornbirn (W)"]
[BlackTeam "Mayrhofen/Zillertal (W)"]
[WhiteTeamCountry "AUT"]
[BlackTeamCountry "AUT"]

1. e4 e6 2. d4 d5 3. Nd2 c5 4. exd5 exd5 5. Ngf3 Nc6 6. dxc5 Bxc5 7. Nb3 Bb6 8. Bd3 Nge7 9. c3 Bg4 10. 0-0 h6 11. Re1 0-0 12. Bc2 Qd7 13. Be3 Qc7 14. Nbd4 Nxd4 15. Bxd4 Bxf3 16. Qxf3 Bxd4 17. Qd3 Bxf2+ 18. Kxf2 Qb6+ 19. Kf1 g6 20. b4 Rae8 21. Re3 Nf5 22. Re2 Ne3+ 23. Ke1 Nxc2+ 24. Qxc2 Qg1+ 25. Kd2 Qxa1 0-1

[Event "EU-ch Hybrid U20 Girls"]
[Site "Tornelo INT"]
[Date "2021.10.15"]
[Round "1"]
[White "Konecny, Sophie"]
[Black "Afonasieva, Anna"]
[Result "0-1"]
[WhiteElo "1864"]
[BlackElo "2227"]
[PlyCount "82"]
[EventDate "2021.10.15"]
[EventType "tourn"]
[EventRounds "9"]
[EventCountry "NET"]
[SourceTitle "EXT 2023"]
[Source "ChessBase"]
[SourceDate "2022.10.05"]
[SourceVersion "1"]
[SourceVersionDate "2022.10.05"]
[SourceQuality "1"]
[WhiteTeam "Austria"]
[BlackTeam "Russia"]
[WhiteTeamCountry "AUT"]
[BlackTeamCountry "RUS"]

1. d4 d5 2. c4 c6 3. Nf3 Nf6 4. Qb3 dxc4 5. Qxc4 Bf5 6. g3 e6 7. Bg2 Nbd7 8. 0-0 Be7 9. Nc3 0-0 10. Re1 h6 11. e4 Bh7 12. a3 a5 13. b3 Rc8 14. b4 axb4 15. axb4 Qb6 16. Ba3 Ra8 17. Qb3 Rfd8 18. Na4 Qc7 19. Nd2 e5 20. Bb2 b5 21. Nc5 Rxa1 22. Rxa1 Nxc5 23. bxc5 exd4 24. Qb4 d3 25. Ra6 Nd7 26. Bd4 Qc8 27. Ra7 Bf6 28. Bh3 Bxd4 29. Qxd4 Nf8 30. Bxc8 Rxd4 31. f3 g5 32. Rc7 Ng6 33. Rxc6 Ne5 34. Rxh6 Nc4 35. Nb3 d2 36. Nxd2 Rxd2 37. Ra6 b4 38. c6 b3 39. Ra1 b2 40. Rb1 Na3 41. c7 Nxb1 0-1

[Event "EU-ch Hybrid U20 Girls"]
[Site "Tornelo INT"]
[Date "2021.10.15"]
[Round "3"]
[White "Konecny, Sophie"]
[Black "Radeva, Viktoria"]
[Result "0-1"]
[WhiteElo "1864"]
[BlackElo "2314"]
[PlyCount "82"]
[EventDate "2021.10.15"]
[EventType "tourn"]
[EventRounds "9"]
[EventCountry "NET"]
[SourceTitle "EXT 2023"]
[Source "ChessBase"]
[SourceDate "2022.10.05"]
[SourceVersion "1"]
[SourceVersionDate "2022.10.05"]
[SourceQuality "1"]
[WhiteTeam "Austria"]
[BlackTeam "Bulgaria"]
[WhiteTeamCountry "AUT"]
[BlackTeamCountry "BUL"]

1. d4 d5 2. c4 e6 3. Nf3 Nf6 4. g3 Be7 5. Bg2 0-0 6. 0-0 c6 7. Qc2 b6 8. Nbd2 Bb7 9. e4 Na6 10. a3 Rc8 11. b3 c5 12. exd5 exd5 13. dxc5 Nxc5 14. Bb2 dxc4 15. Nxc4 Be4 16. Qc3 Qd3 17. Qxd3 Bxd3 18. Rfe1 Nxb3 19. Rxe7 Nxa1 20. Nd6 Rc2 21. Bxa1 Ne4 22. Nxe4 Rc1+ 23. Bf1 Rxf1+ 24. Kg2 Rxa1 25. Ned2 Rxa3 26. Re3 Rd8 27. Ne5 f6 28. Nc6 Rd6 29. Ne7+ Kf7 30. Nc4 Bxc4 31. Rxa3 Kxe7 32. Rxa7+ Rd7 33. Ra3 b5 34. Kf3 Rd3+ 35. Rxd3 Bxd3 36. Ke3 Bc4 37. Kd4 Kd6 38. f4 Be6 39. Kd3 Kc5 40. Kc3 b4+ 41. Kb2 Kd4 0-1

[Event "Innsbruck op 5th"]
[Site "Innsbruck"]
[Date "2021.08.24"]
[Round "5"]
[White "Bischofberger, Dario"]
[Black "Konecny, Sophie"]
[Result "1-0"]
[WhiteElo "2143"]
[BlackElo "1866"]
[PlyCount "117"]
[EventDate "2021.08.21"]
[EventType "swiss"]
[EventRounds "9"]
[EventCountry "AUT"]
[SourceTitle "CBM 204 Extra"]
[Source "ChessBase"]
[SourceDate "2021.11.30"]
[SourceVersion "1"]
[SourceVersionDate "2021.11.30"]
[SourceQuality "1"]

1. Nf3 Nf6 2. c4 e6 3. g3 b6 4. Bg2 Bb7 5. 0-0 c5 6. Nc3 Be7 7. d4 cxd4 8. Qxd4 Nc6 9. Qf4 0-0 10. Rd1 a6 11. b3 Rc8 12. Bb2 Qc7 13. Qd2 Rfd8 14. e4 Bb4 15. Qe2 Ng4 16. h3 Nge5 17. Nxe5 Nxe5 18. Rac1 Bf8 19. Kh2 Ng6 20. Qg4 Qc5 21. Rd2 h5 22. Qe2 h4 23. Kh1 Be7 24. Rd3 Qc7 25. Na4 Bc6 26. Nc3 Ne5 27. Rdd1 Ng6 28. Qd3 Ne5 29. Qd2 Ng6 30. Ne2 hxg3 31. fxg3 Qb7 32. Qd3 Bg5 33. Rb1 f5 34. Nc3 Bf6 35. Nd5 Bxb2 36. Rxb2 exd5 37. exd5 Rf8 38. Rf2 Qc7 39. dxc6 dxc6 40. Rxf5 Rfd8 41. Qf3 Rxd1+ 42. Qxd1 Rf8 43. Rxf8+ Nxf8 44. Qf3 Ng6 45. Kh2 Ne7 46. Qe3 a5 47. Qe6+ Kh8 48. h4 c5 49. h5 Ng8 50. Bd5 Qd8 51. Qxg8+ Qxg8 52. Bxg8 Kxg8 53. Kh3 Kf7 54. Kg4 Ke6 55. Kf4 Kf6 56. g4 Kf7 57. Ke5 Ke7 58. g5 Kd7 59. h6 1-0

[Event "AUT-chT District U18 Online Rapid"]
[Site "Playchess.com INT"]
[Date "2020.12.12"]
[Round "1"]
[White "Konecny, Sophie"]
[Black "Marakovits, Nico"]
[Result "0-1"]
[WhiteElo "1624"]
[BlackElo "1857"]
[PlyCount "54"]
[EventDate "2020.12.12"]
[EventType "team-swiss (rapid)"]
[EventRounds "9"]
[EventCountry "AUT"]
[SourceTitle "EXT 2022"]
[Source "ChessBase"]
[SourceDate "2021.10.06"]
[SourceVersion "1"]
[SourceVersionDate "2021.10.06"]
[SourceQuality "1"]

1. d4 Nf6 2. Nf3 g6 3. g3 Bg7 4. Bg2 0-0 5. 0-0 d6 6. b3 Nc6 7. Bb2 Nd7 8. e4 e5 9. c4 a5 10. d5 Ne7 11. Nc3 h6 12. Qe2 f5 13. Ne1 f4 14. Nd3 g5 15. g4 Ng6 16. f3 Nf6 17. Na4 h5 18. h3 Nh4 19. Kf2 hxg4 20. hxg4 Nxg4+ 21. fxg4 f3 22. Bxf3 Rxf3+ 23. Ke1 Bxg4 24. Nf2 Bh5 25. Rg1 Rg3 26. Qf1 Nf3+ 27. Ke2 Nxg1+ 0-1

[Event "AUT-chT District U18 Online Rapid"]
[Site "Playchess.com INT"]
[Date "2020.12.12"]
[Round "1"]
[White "Schaffner, Louie Raulito"]
[Black "Konecny, Sophie"]
[Result "0-1"]
[WhiteElo "1636"]
[BlackElo "1624"]
[PlyCount "60"]
[EventDate "2020.12.12"]
[EventType "team-swiss (rapid)"]
[EventRounds "9"]
[EventCountry "AUT"]
[SourceTitle "EXT 2022"]
[Source "ChessBase"]
[SourceDate "2021.10.06"]
[SourceVersion "1"]
[SourceVersionDate "2021.10.06"]
[SourceQuality "1"]

1. e4 e6 2. d4 d5 3. Nd2 a6 4. Ngf3 Nf6 5. e5 Nfd7 6. Bd3 c5 7. c3 Nc6 8. 0-0 g5 9. dxc5 Ndxe5 10. Nb3 h6 11. Nfd4 Bd7 12. Bc2 Qc7 13. f4 gxf4 14. Bxf4 0-0-0 15. Qe2 f6 16. Bg3 Bg7 17. Rae1 Na5 18. Nxa5 Qxa5 19. Bxe5 fxe5 20. Nb3 Qc7 21. Rf7 Rhg8 22. Ref1 Rdf8 23. Rxf8+ Rxf8 24. Rxf8+ Bxf8 25. Qh5 Bxc5+ 26. Nxc5 Qxc5+ 27. Kh1 Qf2 28. Qd1 Bb5 29. h3 Bf1 30. Bg6 Qxg2# 0-1

[Event "AUT-chT District U18 Online Rapid"]
[Site "Playchess.com INT"]
[Date "2020.12.12"]
[Round "1"]
[White "Tumanyan, Gor"]
[Black "Konecny, Sophie"]
[Result "0-1"]
[WhiteElo "1623"]
[BlackElo "1624"]
[PlyCount "94"]
[EventDate "2020.12.12"]
[EventType "team-swiss (rapid)"]
[EventRounds "9"]
[EventCountry "AUT"]
[SourceTitle "EXT 2022"]
[Source "ChessBase"]
[SourceDate "2021.10.06"]
[SourceVersion "1"]
[SourceVersionDate "2021.10.06"]
[SourceQuality "1"]

1. d4 Nf6 2. Nf3 e6 3. c4 Bb4+ 4. Bd2 a5 5. a3 Be7 6. Nc3 0-0 7. e4 d5 8. e5 Nfd7 9. cxd5 Nb6 10. dxe6 Bxe6 11. Be3 Nc6 12. Bb5 Na7 13. Bd3 Nd5 14. Nxd5 Bxd5 15. 0-0 f6 16. Qc2 h6 17. Rac1 Nc6 18. Nh4 fxe5 19. Bh7+ Kh8 20. Ng6+ Kxh7 21. Nxf8+ Kg8 22. Ng6 exd4 23. Bf4 Bg5 24. Qf5 Bxf4 25. Nxf4 Bf7 26. Rfe1 Qd6 27. Nd3 Bg6 28. Qh3 Rf8 29. Rcd1 Bf5 30. Qg3 Qf6 31. Ne5 d3 32. Nxc6 Qxc6 33. Re7 Qf6 34. Rxc7 Qxb2 35. h4 Bh7 36. Qg4 Qxf2+ 37. Kh2 Qf6 38. Qg3 b6 39. Rb7 Be4 40. Rd7 Bf5 41. Rd6 Qb2 42. Rd5 Qxa3 43. Qc7 Qb3 44. R5xd3 Qe6 45. Rd6 Qe5+ 46. Kh1 Bg4 47. R1d2 Rf1# 0-1

[Event "Wch FIDE Online U18 Girls Europe qual"]
[Site "Tornelo INT"]
[Date "2020.12.09"]
[Round "7"]
[White "Konecny, Sophie"]
[Black "Juhasz, Judit"]
[Result "0-1"]
[WhiteElo "1714"]
[BlackElo "1893"]
[PlyCount "64"]
[EventDate "2020.12.07"]
[EventType "swiss (rapid)"]
[EventRounds "7"]
[EventCountry "ISS"]
[SourceTitle "EXT 2022"]
[Source "ChessBase"]
[SourceDate "2021.10.06"]
[SourceVersion "1"]
[SourceVersionDate "2021.10.06"]
[SourceQuality "1"]

1. d4 Nf6 2. Nf3 g6 3. c4 Bg7 4. g3 0-0 5. Bg2 d6 6. 0-0 Nc6 7. Nc3 Rb8 8. e4 a6 9. Rb1 b5 10. Qe2 Bg4 11. Rd1 b4 12. Na4 b3 13. a3 Qe8 14. Nc3 Nd7 15. Be3 Na5 16. Nd5 c6 17. Nb4 Qc8 18. h3 Bxf3 19. Bxf3 e5 20. d5 c5 21. Nc6 Nxc6 22. dxc6 Qxc6 23. Qd3 Rb6 24. Rd2 f5 25. exf5 Qxf3 26. fxg6 e4 27. gxh7+ Kh8 28. Qd5 Ne5 29. Bf4 Nd3 30. Qg5 Nxf4 31. gxf4 Qxf4 32. Qg6 Qxd2 0-1

[Event "Wch FIDE Online U18 Girls Europe qual"]
[Site "Tornelo INT"]
[Date "2020.12.08"]
[Round "5"]
[White "Konecny, Sophie"]
[Black "Grimaldi, Angela Flavia"]
[Result "1-0"]
[WhiteElo "1714"]
[BlackElo "1864"]
[PlyCount "59"]
[EventDate "2020.12.07"]
[EventType "swiss (rapid)"]
[EventRounds "7"]
[EventCountry "ISS"]
[SourceTitle "EXT 2022"]
[Source "ChessBase"]
[SourceDate "2021.10.06"]
[SourceVersion "1"]
[SourceVersionDate "2021.10.06"]
[SourceQuality "1"]

1. d4 Nf6 2. Nf3 e6 3. c4 d5 4. g3 dxc4 5. Bg2 Bb4+ 6. Bd2 a5 7. a3 Bxd2+ 8. Nbxd2 b5 9. a4 c6 10. 0-0 0-0 11. Ne5 Ra6 12. e3 Qc7 13. Qc2 Nbd7 14. Ndf3 Bb7 15. b3 cxb3 16. Qxb3 bxa4 17. Qxa4 c5 18. Rfc1 Nxe5 19. Nxe5 Bxg2 20. Kxg2 Qb7+ 21. f3 cxd4 22. Qxd4 h6 23. Rc5 a4 24. Rxa4 Rxa4 25. Qxa4 Nd5 26. Qd4 Ra8 27. Rc2 Qb3 28. Re2 Ra3 29. e4 Nf6 30. Rf2 1-0

[Event "Wch FIDE Online U18 Girls Europe qual"]
[Site "Tornelo INT"]
[Date "2020.12.07"]
[Round "2"]
[White "Aubert, Estee"]
[Black "Konecny, Sophie"]
[Result "1/2-1/2"]
[WhiteElo "1817"]
[BlackElo "1714"]
[PlyCount "132"]
[EventDate "2020.12.07"]
[EventType "swiss (rapid)"]
[EventRounds "7"]
[EventCountry "ISS"]
[SourceTitle "EXT 2022"]
[Source "ChessBase"]
[SourceDate "2021.10.06"]
[SourceVersion "1"]
[SourceVersionDate "2021.10.06"]
[SourceQuality "1"]

1. d4 Nf6 2. Bf4 e6 3. e3 d5 4. Nf3 Bd6 5. Bg3 b6 6. Bd3 Bb7 7. Nbd2 c5 8. c3 Nc6 9. Ne5 Ne7 10. Bb5+ Kf8 11. Bh4 Bxe5 12. dxe5 Nd7 13. Qh5 a6 14. Bd3 h6 15. f4 Qe8 16. Qg4 c4 17. Bc2 Nc5 18. Nf3 Ne4 19. Nd4 Qd7 20. Bxe7+ Qxe7 21. 0-0 h5 22. Qh3 g6 23. Bxe4 dxe4 24. Rad1 Rd8 25. Rd2 Kg7 26. Rfd1 Bd5 27. Qg3 h4 28. Qg4 f5 29. exf6+ Qxf6 30. f5 exf5 31. Nxf5+ Qxf5 32. Qxf5 gxf5 33. Rxd5 Rxd5 34. Rxd5 Rf8 35. Rd6 Rf6 36. Rd7+ Kg6 37. Kf2 Kg5 38. g3 hxg3+ 39. hxg3 Kg6 40. Rc7 b5 41. a4 Rb6 42. axb5 axb5 43. Rc8 Kf6 44. Rf8+ Kg5 45. Ke2 Kg6 46. Rg8+ Kf7 47. Ra8 b4 48. Ra7+ Kf6 49. cxb4 Rxb4 50. Ra2 Rb3 51. Kd2 Rd3+ 52. Ke2 Rb3 53. Ra6+ Kg5 54. Ra2 c3 55. bxc3 Rxc3 56. Kf2 Rc6 57. Rd2 Rg6 58. Kg2 Kg4 59. Rf2 Rd6 60. Rf4+ Kg5 61. g4 fxg4 62. Rxe4 Rf6 63. Re5+ Rf5 64. Rxf5+ Kxf5 65. Kg3 Ke4 66. Kxg4 Kxe3 1/2-1/2

[Event "EU-ch U18 Girls"]
[Site "Bratislava"]
[Date "2019.08.08"]
[Round "7"]
[White "Konecny, Sophie"]
[Black "Yeremyan, Nazik"]
[Result "0-1"]
[WhiteElo "1993"]
[BlackElo "1622"]
[PlyCount "54"]
[EventDate "2019.08.02"]
[EventType "swiss"]
[EventRounds "9"]
[EventCountry "SVK"]
[SourceTitle "CBM 191 Extra"]
[Source "ChessBase"]
[SourceDate "2019.09.30"]
[SourceVersion "1"]
[SourceVersionDate "2019.09.30"]
[SourceQuality "1"]

1. d4 d5 2. Nf3 Nf6 3. c4 e6 4. g3 Be7 5. Bg2 0-0 6. 0-0 c6 7. Qc2 b6 8. b3 Bb7 9. Rd1 Nbd7 10. Nc3 Rc8 11. e4 dxe4 12. Nxe4 c5 13. Nfg5 Nxe4 14. Nxe4 Bxe4 15. Bxe4 f5 16. Bg2 cxd4 17. Bb2 e5 18. Bd5+ Kh8 19. Be6 f4 20. Bxd4 exd4 21. Rxd4 Bc5 22. Rd2 Qf6 23. Re1 Ne5 24. Bxc8 Nf3+ 25. Kh1 Nxe1 26. Qe4 Rxc8 27. Qxe1 Bb4 0-1

[Event "EU-ch U18 Girls"]
[Site "Bratislava"]
[Date "2019.08.06"]
[Round "5"]
[White "Tonso, Liina"]
[Black "Konecny, Sophie"]
[Result "1-0"]
[WhiteElo "1711"]
[BlackElo "1993"]
[PlyCount "55"]
[EventDate "2019.08.02"]
[EventType "swiss"]
[EventRounds "9"]
[EventCountry "SVK"]
[SourceTitle "CBM 191 Extra"]
[Source "ChessBase"]
[SourceDate "2019.09.30"]
[SourceVersion "1"]
[SourceVersionDate "2019.09.30"]
[SourceQuality "1"]

1. d4 Nf6 2. Nf3 e6 3. e3 b6 4. b3 Bb7 5. Bb2 Be7 6. Nbd2 0-0 7. Bd3 d5 8. 0-0 Ne4 9. Rc1 Nd7 10. Qe2 f6 11. c4 c5 12. Bb1 f5 13. dxc5 Nexc5 14. Ne5 Nxe5 15. Bxe5 Bf6 16. Nf3 Bxe5 17. Nxe5 Qf6 18. f4 Rfd8 19. b4 Nd7 20. Nxd7 Rxd7 21. c5 bxc5 22. Rxc5 Qd8 23. Rfc1 Qb6 24. Qb2 Rad8 25. Qd4 Kf7 26. a4 Rd6 27. a5 Qa6 28. Bd3 1-0

[Event "EU-ch U18 Girls"]
[Site "Bratislava"]
[Date "2019.08.04"]
[Round "3"]
[White "Louka, Magdalini"]
[Black "Konecny, Sophie"]
[Result "1/2-1/2"]
[WhiteElo "1740"]
[BlackElo "1993"]
[PlyCount "60"]
[EventDate "2019.08.02"]
[EventType "swiss"]
[EventRounds "9"]
[EventCountry "SVK"]
[SourceTitle "CBM 191 Extra"]
[Source "ChessBase"]
[SourceDate "2019.09.30"]
[SourceVersion "1"]
[SourceVersionDate "2019.09.30"]
[SourceQuality "1"]

1. e4 e6 2. d4 d5 3. Nd2 a6 4. c3 c5 5. Ngf3 Nf6 6. exd5 exd5 7. Nb3 c4 8. Nbd2 Bd6 9. Be2 Nc6 10. 0-0 0-0 11. Re1 b5 12. Nf1 Qc7 13. Ng3 Re8 14. Qc2 Bg4 15. Bg5 Ne4 16. Bd2 Nxd2 17. Qxd2 h6 18. Qc2 Qd7 19. h3 Be6 20. Bf1 Bxg3 21. fxg3 Bf5 22. Qf2 Be4 23. g4 a5 24. g3 Re6 25. Nd2 Rf6 26. Qe3 Bg6 27. Bg2 Bd3 28. Kh2 Rd8 29. Nf3 Re6 30. Qd2 Rde8 1/2-1/2

[Event "AUT-ch U18 Girls"]
[Site "Sankt Veit an der Glan"]
[Date "2019.04.18"]
[Round "7"]
[White "Lauda, Victoria"]
[Black "Konecny, Sophie"]
[Result "0-1"]
[WhiteElo "1435"]
[BlackElo "1892"]
[PlyCount "100"]
[EventDate "2019.04.14"]
[EventType "swiss"]
[EventRounds "7"]
[EventCountry "AUT"]
[SourceTitle "CBM 190 Extra"]
[Source "ChessBase"]
[SourceDate "2019.07.15"]
[SourceVersion "1"]
[SourceVersionDate "2019.07.15"]
[SourceQuality "1"]

1. Nf3 Nf6 2. g3 c5 3. Bg2 d5 4. 0-0 e6 5. d3 Be7 6. Nbd2 Nc6 7. e4 dxe4 8. dxe4 e5 9. Re1 0-0 10. h3 Qc7 11. Nh2 Rd8 12. Qe2 Nd4 13. Qc4 b5 14. Qc3 Be6 15. b3 Rab8 16. Ndf3 Nc6 17. Bb2 c4 18. Qe3 Bd6 19. Rad1 Rb7 20. Qe2 Qa5 21. Ra1 Bb4 22. Rf1 c3 23. Bc1 Bc5 24. Re1 Qb6 25. Kh1 Bxf2 26. Rf1 Bxg3 27. Be3 Qc7 28. Bg1 Qc8 29. Ng5 h6 30. Nxe6 Qxe6 31. Qe3 Bxh2 32. Bxh2 b4 33. a3 Nd4 34. Qf2 bxa3 35. Rxa3 Nb5 36. Raa1 Rd2 37. Qf5 Qxf5 38. exf5 Re7 39. Rac1 Nd4 40. Rfd1 e4 41. Bf4 e3 42. Re1 e2 43. Bg3 Rxc2 44. Rxc2 Nxc2 45. Rc1 e1Q+ 46. Bxe1 Rxe1+ 47. Rxe1 Nxe1 48. b4 Nxg2 49. Kxg2 c2 50. b5 c1Q 0-1